Statistics for All League of Legends Runes

Click here to take the quiz!

General Stats

  • This quiz has been taken 38 times
  • The average score is 40 of 74

Answer Stats

Answer% Correct
Conqueror
96%
Dark Harvest
93%
Electrocute
93%
Lethal Tempo
93%
Press the Attack
93%
Fleet Footwork
89%
Hail of Blades
89%
Predator
82%
Grasp of the Undying
71%
Guardian
71%
Inspiration
71%
Aftershock
68%
Arcane Comet
68%
Coup de Grace
68%
Domination
68%
Legend: Alacrity
68%
Precision
68%
Presence of Mind
68%
Legend: Tenacity
64%
Phase Rush
64%
Resolve
64%
Sorcery
64%
Eyeball Collection
61%
Glacial Augment
61%
Legend: Bloodline
61%
Summon Aery
61%
Triumph
61%
Zombie Ward
61%
Demolish
57%
Gathering Storm
57%
Last Stand
57%
Manaflow Band
54%
Overheal
54%
Scorch
54%
Taste of Blood
54%
Ultimate Hunter
54%
Ghost Poro
50%
Ravenous Hunter
50%
Sudden Impact
50%
Unsealed Spellbook
50%
Waterwalking
50%
Armor
46%
Biscuit Delivery
46%
Bone Plating
46%
Cheap Shot
46%
Cut Down
46%
Magic Resistance
46%
Perfect Timing
46%
Adaptive Force
43%
Attack Speed
43%
Celerity
43%
Health
43%
Relentless Hunter
43%
Ingenious Hunter
39%
Magical Footwear
39%
Minion Dematerializer
39%
Overgrowth
39%
Shield Bash
39%
Transcendence
39%
Absolute Focus
36%
Future's Market
36%
Hextech Flashtraption
36%
Nimbus Cloak
36%
Nullifying Orb
32%
Prototype: Omnistone
32%
Second Wind
32%
Time Warp Tonic
32%
Unflinching
32%
Approach Velocity
29%
Cosmic Insight
29%
Cooldown Reduction
25%
Font of Life
25%
Revitalize
25%
Conditioning
21%

Score Distribution

Percentile by Number Answered

Percent of People with Each Score

Your Score History

You have not taken this quiz